Analysis for Financial Management. (Record no. 1963)

MARC details
005 - DATE AND TIME OF LATEST TRANSACTION
control field 20250505163705.0
020 ## - INTERNATIONAL STANDARD BOOK NUMBER
International Standard Book Number 007-288398-7
082 ## - DEWEY DECIMAL CLASSIFICATION NUMBER
Classification number 658.15 HIG
100 ## - MAIN ENTRY--PERSONAL NAME
Author name HIGGINS, R. C.
245 ## - TITLE STATEMENT
Title Analysis for Financial Management.
250 ## - EDITION STATEMENT
Edition statement 7th Ed.
260 ## - PUBLICATION, DISTRIBUTION, ETC.
Place of publication, distribution, etc. New York ,
Name of publisher, distributor, etc. Macgraw-Hill Irwin,
Date of publication, distribution, etc. 2004.
300 ## - PHYSICAL DESCRIPTION
Extent xix, 412p.: Ill.;figures & table
Other physical details Index
Dimensions 22cm.
856 ## - ELECTRONIC LOCATION AND ACCESS
Link text Access Online Book
Electronic name Analysis for Financial Management
Path www.mhhe.com/edumarketinsight
942 ## - ADDED ENTRY ELEMENTS (KOHA)
Source of classification or shelving scheme Dewey Decimal Classification
Koha item type Books
Holdings
Date last seen Total checkouts Full call number Barcode Cost, replacement price Price effective from Koha item type Lost status Source of classification or shelving scheme Damaged status Not for loan Withdrawn status Home library Current library Shelving location Date acquired Cost, normal purchase price
05/05/2025   658.15 HIG 0000007537 75000.00 05/05/2025 Books   Dewey Decimal Classification       College of Business Education Main Library College of Business Education Main Library General Collection 05/02/2025 25000.00
05/05/2025   658.15 HIG 0000007538 75000.00 05/05/2025 Books   Dewey Decimal Classification       College of Business Education Main Library College of Business Education Main Library General Collection 05/02/2025 25000.00
05/05/2025   658.15 HIG 0000007539 75000.00 05/05/2025 Books   Dewey Decimal Classification       College of Business Education Main Library College of Business Education Main Library General Collection 05/02/2025 25000.00
05/06/2025   658.15 HIG 0000007845 75000.00 05/06/2025 Books   Dewey Decimal Classification       College of Business Education Main Library College of Business Education Main Library General Collection 07/02/2007 25000.00